• 首页
  • 本馆介绍
  • 公告通知
  • 最新文献
  • 馆藏检索
  • 电子资源
  • 读者导购
  • 参考咨询
  • 我的图书馆
  • 登录
  • 详细信息显示
  • 放入我的书架
  • 预约/预借图书
  • 作者相关作品
  • 分类相关作品
  • 丛书相关作品
  • 出版社相关作品

书目信息

  • 表格格式
  • 工作单格式
  • 卡片格式
题名:
新日汉汉日服饰词典
    
 
作者: 周新 主编
分册:  
出版信息: 北京   化学工业出版社  2007
页数: 438页
开本: 21cm
丛书名:
单 册:
中图分类: TS941-61
科图分类:
主题词: 服装--日语--汉语--词典 , 服饰--日语--汉语--词典 , 服装 , 服饰
电子资源:
ISBN: 978-7-5025-9401-5
000 00859nam0 2200277 450
001 003393183
005 20070807163900.70
010    @a978-7-5025-9401-5@dCNY45.00
035    @a003393183
100    @a20060518d2007 em y0chiy0110 ea
101 0  @achi@ajpn
102    @aCN@b110000
105    @ay e 001yy
106    @ar
200 1  @a新日汉汉日服饰词典@Axin ri han han ri fu shi ci dian@f周新主编@Fzhou xin zhu bian
210    @a北京@c化学工业出版社@d2007
215    @a438页@d21cm
330    @a本词典主要收录服装、服饰基础知识,服装设计,服装材料,服装制作与工艺,服装设备及工具,服装贸易方面的词汇30000条。
606 0  @a服装@x日语@x汉语@j词典
606 0  @a服饰@x日语@x汉语@j词典
606 0  @a服装
606 0  @a服饰
690    @aTS941-61@v4
701  0 @a周新@Azhou xin@c(日语)@4主编
801  0 @aCN@bNLC@c20070807
905    @dTS941-61@e60@f3
    
    新日汉汉日服饰词典/周新主编.-北京:化学工业出版社,2007
    438页;21cm
    
    
    ISBN 978-7-5025-9401-5:CNY45.00
    本词典主要收录服装、服饰基础知识,服装设计,服装材料,服装制作与工艺,服装设备及工具,服装贸易方面的词汇30000条。
●
相关链接 在E读中查询图书 在五车中查询图书 在当当中查询图书 在豆瓣中查询图书


正题名:新日汉汉日服饰词典     索取号:TS941-61/60         预约/预借

序号 登录号 条形码 馆藏地/架位号 状态 备注
1 0853397   208533979   第二样本阅览室/ [索取号:TS941-61/60] 在馆    
2 0853398   208533988   第三借阅区/ [索取号:TS941-61/60] 在馆    
3 0853399   208533997   第三借阅区/ [索取号:TS941-61/60] 在馆    
唐山师范学院图书馆 欢迎您!
大连网信软件有限公司© 版权所有